000 01184nam a2200313 i 4500
001 000004326
003 DO-SdBNP
005 20250529113235.0
007 ta
008 090721e1984 dr 000 e spa d
040 _aDO-SdBNP
_bspa
_cBNPHU
_erda
082 4 _a305.5097293
_bC343m, 1984
_222
100 1 _aCassá, Roberto,
_d1948-
_eautor
_4aut.
_910888
245 1 0 _aModos de producción, clases sociales y luchas políticas :
_bRepública Dominicana, Siglo XX /
_cRoberto Cassá ; presentación, Luis Gómez.
250 _aEdición corregida y ampliada.
264 1 _aSanto Domingo :
_bEditora Punto y Aparte,
_c1984.
300 _a244 páginas ;
_c20 cm.
336 _atexto
_btxt
_2rdacontent
337 _asin mediación
_bn
_2rdamedia
338 _avolumen
_bnc
_2rdacarrier
504 _aBibibliografía : páginas 237-244
590 _aInventariado, 2024 / MF
650 0 _aClases sociales
_zRepública Dominicana
_91062
651 4 _aRepública Dominicana
_xCondiciones sociales
_946
651 4 _aRepública Dominicana
_zCondiciones económicas
_912758
700 1 _aGómez, Luis,
_epresentación
_99238
910 _aValidado. Control de calidad. MFF
942 _2ddc
_cLBS1
999 _c4135
_d4135